| 000 | 01087nam a2200253 a 4500 | ||
|---|---|---|---|
| 001 | 000025555 | ||
| 005 | 20200930023856.0 | ||
| 008 | 110217s1961 mx ac r 000 0 spa d | ||
| 040 |
_aDO-SdBNP _bspa _cBNPHU |
||
| 082 |
_aNNN _bH374o, 1961 |
||
| 100 | 1 |
_aHauptmann, Gerhart, _d1862-1946. _934092 |
|
| 245 | 1 | 0 |
_aObras escogidas / _cGerhart Hauptmann ; traducción de Ana María Haft ; prólogo de Mariano S. Luque. |
| 250 | _a2a. ed. | ||
| 260 |
_aMéxico : _bAguilar, _c1961. |
||
| 300 |
_a1163 p. : _bil., rtres ; _c18 cm. |
||
| 490 | 1 | _aBiblioteca premios Nobel | |
| 504 | _aIncluye bibliografía (p.[32]-34) | ||
| 505 | 0 | _aLos tejedores -- La asunción de Hannele -- La piel de castor -- El cochero Henschel -- Rose Bernd -- La campana sumergida -- Y pippa baila -- riselda -- Florian Geyer -- Michael Kramer -- Las ratas -- El pobre Heinrich -- Quimera -- En el torbellino del destino. | |
| 586 | _aPremio Novel, 1912 | ||
| 700 | 1 |
_aHaft, Ana María, _etr. _952226 |
|
| 700 | 1 |
_aLuque, Mariano S. _epról. _949814 |
|
| 830 | 0 |
_aBiblioteca premios Nobel _952227 |
|
| 049 | _aBNGR | ||
| 999 |
_c25047 _d25047 |
||